Statistics for 2016 NASCAR Sprint Cup Drivers

Click here to take the quiz!

General Stats

  • This quiz has been taken 112 times
  • The average score is 28 of 43

Answer Stats

TeamDriver% Correct
Chip GanassiKyle Larson
93%
Joe GibbsDenny Hamlin
89%
HendrickJimmie Johnson
89%
Joe GibbsKyle Busch
88%
Stewart-HaasKurt Busch
85%
PenskeBrad Keselowski
84%
PenskeJoey Logano
84%
Furniture RowMartin Truex Jr.
83%
Joe GibbsMatt Kenseth
83%
Stewart-HaasTony Stewart
83%
HendrickDale Earnhardt Jr.
81%
Stewart-HaasKevin Harvick
81%
Joe GibbsCarl Edwards
80%
HendrickChase Elliott
79%
Chip GanassiJamie McMurray
76%
Stewart-HaasDanica Patrick
75%
HendrickKasey Kahne
75%
Richard PettyAric Almirola
74%
Richard ChildressAustin Dillon
74%
Roush FenwayRicky Stenhouse Jr.
74%
Richard ChildressRyan Newman
73%
Roush FenwayTrevor Bayne
70%
H ScottClint Bowyer
68%
JTG DaughertyA.J. Allmendinger
66%
GermainCasey Mears
66%
Roush FenwayGreg Biffle
66%
Circle Sport – Leavine FamilyMichael McDowell
65%
BKDavid Ragan
64%
Richard ChildressPaul Menard
61%
Richard PettyBrian Scott
56%
Circle Sport – Leavine Family/Stewart-HaasTy Dillon
56%
BKMatt DiBenedetto
53%
Front RowChris Buescher
49%
Front RowLandon Cassill
45%
H ScottMichael Annett
45%
Stewart-HaasBrian Vickers
43%
Go FASBobby Labonte
40%
Tommy BaldwinRegan Smith
33%
Go FASJeffrey Earnhardt
31%
Go FASJoey Gase
30%
BKMichael Waltrip
28%
Go FASJeb Burton
21%
Go FASPatrick Carpentier
16%

Score Distribution

Percentile by Number Answered

Percent of People with Each Score

Your Score History

You have not taken this quiz